| 000 | 00902nam a22002177a 4500 | ||
|---|---|---|---|
| 003 | BD-DhUL | ||
| 005 | 20160918184001.0 | ||
| 008 | 160202s2000 bg ii || |||| 00| 0 benben | ||
| 040 |
_aBD-DhUL _cBD-DhUL |
||
| 082 |
_a954.92 _bRAB |
||
| 100 | 1 | _aরমেশচন্দ্র মজুমদার | |
| 245 | 1 | 0 |
_aবাংলাদেশের ইতিহাস : _cরমেশচন্দ্র মজুমদার _bচতুর্থ খন্ড (১৯০৫-১৯৪৭) : মুক্তিসংগ্রাম / |
| 250 | _a৩য় সংস্ক. | ||
| 260 |
_aকলিকাতা : _bজেনারেল, _c২০০০. |
||
| 300 |
_a৬০০ পৃ. ; _c২১ সেমি. |
||
| 365 | _aBDT | ||
| 500 | _aনির্ঘন্ট সম্বলিত | ||
| 650 | _aBangladesh-history | ||
| 651 | 0 | _a বাংলাদেশ - ইতিহাস | |
| 942 |
_2ddc _cBK |
||
| 999 |
_c104967 _d104967 |
||